Il Palazzo ducale di Venezia = Le Palais ducal de Venise /

Saved in:
Bibliographic Details
Main Author: Serra, Luigi, 1881?-1940.
Format: Book
Language:Italian
Published: Roma : La Libreria dello Stato, [1935].
Series:Itinerari dei musei e monumenti d'Italia ; n. 23.
Subjects:
Tags: Add Tag
No Tags, Be the first to tag this record!
LEADER 00880nam a2200241Ia 4500
001 010925357-4
005 20070901140308.0
008 940923s1935 it a 001 0 ita d
035 0 |a ocm07905945 
040 |a ABC  |c ABC  |d HTV 
041 0 |a itafre 
100 1 |a Serra, Luigi,  |d 1881?-1940. 
245 1 3 |a Il Palazzo ducale di Venezia =  |b Le Palais ducal de Venise /  |c Luigi Serra. 
246 3 |a Palais ducal de Venise 
260 |a Roma :  |b La Libreria dello Stato,  |c [1935]. 
300 |a 26, 114 p. :  |b ill. ;  |c 19 cm. 
490 1 |a Itinerari dei musei e monumenti d'Italia ;  |v n. 23 
500 |a At head of title: Ministero della educazione nazionale. Direzione generale delle antichità e belle arti. 
500 |a Text in French and Italian. 
610 2 0 |a Palazzo ducale (Venice, Italy) 
830 0 |a Itinerari dei musei e monumenti d'Italia ;  |v n. 23. 
988 |a 20070831 
906 |0 OCLC